Downton Abbey Episode 1X2 Lines Quiz Stats

 Plays Quiz not verified by Sporcle

Challenge
Share
Tweet
Embed
Score 0/26 Timer 05:00
0 Plays Today
Number of Lines Character % Correct
51Robert Crawley, Earl of Grantham
98.1%
42Lady Mary Crawley
97.5%
61Mr. Matthew Crawley
97.5%
36Cora Crawley, Countess of Grantham
96.9%
43Violet Crawley, Dowager Countess of Grantham
96.9%
43Mr. Charles Carson
96.3%
10Lady Edith Crawley
96.3%
19Thomas Barrow
95.7%
46Mrs. Isobel Crawley
95.1%
9Lady Sybil Crawley
93.8%
17Mrs. Elsie Hughes
93.2%
26Anna Smith
91.4%
8Mrs. Beryl Patmore
91.4%
Number of Lines Character % Correct
10Daisy Robinson
91.4%
29Mr. John Bates
90.7%
9William Mason
90.1%
19Miss Sarah O'Brien
88.3%
5Gwen Dawson
85.8%
20Mr. Joseph Molesley
80.9%
31Dr. Richard Clarkson
77.8%
1Farmer John Drake
60.5%
23Mr. Charles Grigg
59.3%
3Mrs. Drake
56.8%
1Ellen
48.1%
2Mr. Taylor
45.1%
1Mr. Lynch
36.4%

You're not logged in!

Compare scores with friends on all Sporcle quizzes.
Join for Free
OR
Log In

You Might Also Like...

Show Comments

Extras

Top Quizzes Today


Score Distribution

Your Account Isn't Verified!

In order to create a playlist on Sporcle, you need to verify the email address you used during registration. Go to your Sporcle Settings to finish the process.

Report this User

Report this user for behavior that violates our Community Guidelines.

Details: